| 000 | 00000nam 2200000zi 4500 |
| 001 | 9.870670 |
| 003 | CaOODSP |
| 005 | 20221107163200 |
| 006 | m o d f |
| 007 | cr cn||||||||| |
| 008 | 190327t20192019oncad obs f000 0 eng d |
| 020 | |a9780660302881 |
| 040 | |aCaOODSP|beng|erda|cCaOODSP |
| 043 | |an-cn--- |
| 045 | |ay1y1 |
| 086 | 1 |aHP40-206/1-2019E-PDF |
| 245 | 00|aReport on the enhanced surveillance of antimicrobial-resistant gonorrhea (ESAG) : |bresults from 2014 and 2015. |
| 264 | 1|aOttawa, ON : |bPublic Health Agency of Canada = Agence de la santé publique du Canada, |c2019. |
| 264 | 4|c©2019 |
| 300 | |a1 online resource (i, 42 pages) : |billustrations, graphs |
| 336 | |atext|btxt|2rdacontent |
| 337 | |acomputer|bc|2rdamedia |
| 338 | |aonline resource|bcr|2rdacarrier |
| 500 | |a"April 2019." |
| 500 | |aCover title. |
| 500 | |aIssued also in HTML format. |
| 500 | |aIssued also in French under title: Rapport sur le système de surveillance accrue de la résistance de la gonorrhée aux antimicrobiens (SARGA) : résultats de 2014 et 2015. |
| 504 | |aIncludes bibliographical references (pages 34-36). |
| 692 | 07|2gccst|aSexually transmitted diseases |
| 692 | 07|2gccst|aStatistics |
| 710 | 2 |aPublic Health Agency of Canada. |
| 710 | 2 |aCentre for Communicable Diseases and Infection Control (Canada) |
| 775 | 08|tRapport sur le système de surveillance accrue de la résistance de la gonorrhée aux antimicrobiens (SARGA) : |w(CaOODSP)9.870672 |
| 794 | |tReport on the enhanced surveillance of antimicrobial-resistant gonorrhea (ESAG) : |b2015-2017|w(CaOODSP)9.893236 |
| 856 | 40|qPDF|s875 KB|uhttps://publications.gc.ca/collections/collection_2019/aspc-phac/HP40-206-1-2019-eng.pdf |
| 856 | 4 |qHTML|sN/A|uhttps://www.canada.ca/en/public-health/services/publications/diseases-conditions/2014-2015-report-enhanced-surveillance-antimicrobial-resistant-gonorrhea.html |
| 986 | |a180943 |